000 00260nam a2200109Ia 4500
008 231212s1965 xx 000 0 und d
041 _aeng
082 _a621.381
100 _aMillman
245 _aPulse, Digital Switching
260 _aNew Delhi
_bD.B.Tar
_c1965
999 _c959222
_d959222